书目信息 |
| 题名: |
老年心理障碍个案与诊治
|
|
| 作者: | 玺璺 主编 | |
| 分册: | ||
| 出版信息: | 广州 广州出版社 2004 |
|
| 页数: | 195页 | |
| 开本: | 23cm | |
| 丛书名: | “心理诊所”丛书 | |
| 单 册: | ||
| 中图分类: | R749.1 , R749 | |
| 科图分类: | ||
| 主题词: | 老年人--精神障碍--诊疗 , 老年人 , 精神障碍 | |
| 电子资源: | ||
| ISBN: | 7-80655-637-0 | |
| 000 | 00856oam2 2200277 450 | |
| 001 | 1536615930 | |
| 005 | 20150130101110.09 | |
| 010 | @a7-80655-637-0@dCNY17.00 | |
| 100 | @a20040415d2004 em y0chiy50 ea | |
| 101 | 0 | @achi |
| 102 | @aCN@b440000 | |
| 105 | @aa z 000yy | |
| 200 | 1 | @a老年心理障碍个案与诊治@9lao nian xin li zhang ai ge an yu zhen zhi@f玺璺主编 |
| 210 | @a广州@c广州出版社@d2004 | |
| 215 | @a195页@c图@d23cm | |
| 225 | 2 | @a“心理诊所”丛书 |
| 330 | @a本书针对老年人的各种心理障碍以及病因、症状、防治等,并列举大量典型病例,阐述疏导老年人心理、养身保健的诊治方法。 | |
| 461 | 0 | @12001 @a“心理诊所”丛书 |
| 606 | 0 | @a老年人@x精神障碍@x诊疗 |
| 606 | 0 | @a老年人 |
| 606 | 0 | @a精神障碍 |
| 690 | @aR749.1@v5 | |
| 690 | @aR749@v4 | |
| 701 | 0 | @a玺璺@9xi wen@4主编 |
| 801 | 0 | @aCN@bTSSF@c20150130 |
| 905 | @aZUCC@dR749@eJY283 | |
| 老年心理障碍个案与诊治/玺璺主编.-广州:广州出版社,2004 |
| 195页:图;23cm.-(“心理诊所”丛书) |
| ISBN 7-80655-637-0:CNY17.00 |
| 本书针对老年人的各种心理障碍以及病因、症状、防治等,并列举大量典型病例,阐述疏导老年人心理、养身保健的诊治方法。 |
| ● |
| 相关链接 |
|
|
|
|
正题名:老年心理障碍个案与诊治
索取号:R749/JY283
 
预约/预借
| 序号 | 登录号 | 条形码 | 馆藏地/架位号 | 状态 | 备注 |
| 1 | 7857164 | 278571644 | 学院路分馆/ [索取号:R749/JY283] | 在馆 | |
| 2 | 7862703 | 278627032 | 学院路分馆/ [索取号:R749/JY283] | 在馆 | |
| 3 | 7862704 | 278627041 | 学院路分馆/ [索取号:R749/JY283] | 在馆 |